000 00490nam a2200181Ia 4500
005 20250508152445.0
008 008 250505s9999 xx 000 0 eng d
037 _aTextual
040 _aFEDL
_beng
_cFEDL
041 _aeng
_2eng
084 _a570, ROS
_qFEDL
100 _aRostand Jean
_922074
245 0 _aCan man be modified?
260 _aLondon, UK
_bMartin Secker and Warburg Ltd
_c1959
300 _a105p.
942 _cTEXL
_h570, ROS
999 _c1336542
_d1336542